Zásoby v účtovníctve konkrétnych podnikov bakalárska práca

Na minha lista:
Detalhes bibliográficos
Autor principal: Petrovičová, Kristína
Autor Corporativo: Fakulta hospodárskej informatiky EU. Katedra účtovníctva a audítorstva
Outros Autores: Pakšiová, Renáta, 1974-
Formato: Livro
Idioma:eslovaco
Publicado em: Bratislava 2021
Tags: Adicionar Tag
Sem tags, seja o primeiro a adicionar uma tag!

MARC

LEADER 00000nbm a2200000 4500
001 0276276
005 20220322142556.1
041 0 |a slo 
044 |a SK 
245 1 0 |a Zásoby v účtovníctve konkrétnych podnikov  |b bakalárska práca  |c Kristína Petrovičová ; školiteľ: Renáta Pakšiová 
264 1 |a Bratislava  |c 2021 
300 |a 54 s. 
100 1 |a Petrovičová, Kristína 
700 1 |a Pakšiová, Renáta, 1974- 
710 2 |a Fakulta hospodárskej informatiky EU. Katedra účtovníctva a audítorstva